000 00291nam a2200097Ia 4500
008 220120s9999||||xx |||||||||||||| ||und||
100 _aSiddhartha Guptha
_912262
245 0 _aInformation exchange server
260 _aCoorg Institute of Technology
_bPonnampet
_c2010
650 _aCOMPUTER SCIENCE
999 _c137848
_d137848